[Event "MESRRK"]
[Site "?"]
[Date "2018.05.27"]
[Round "9.18"]
[White "Sahidi, Sear"]
[Black "Gabor, Mariya"]
[Result "1-0"]
[BlackElo "1266"]
[WhiteElo "1129"]
[LiveChessVersion "1.4.8"]

1. e4 {[%clk 0:20:19]} e5 {[%clk 0:20:19]} 2. Nf3 {[%clk 0:20:27]} Nc6
{[%clk 0:20:28]} 3. d4 {[%clk 0:20:36]} exd4 {[%clk 0:20:36]} 4. Nxd4
{[%clk 0:20:45]} Bc5 {[%clk 0:20:44]} 5. Nxc6 {[%clk 0:20:52]} Qf6
{[%clk 0:20:47]} 6. Qe2 {[%clk 0:21:01]} dxc6 {[%clk 0:20:07]} 7. Nc3
{[%clk 0:21:02]} a6 {[%clk 0:19:36]} 8. Be3 {[%clk 0:21:10]} Bb4 {[%clk 0:19:33]}
9. Bd2 {[%clk 0:21:05]} Ne7 {[%clk 0:18:59]} 10. a3 {[%clk 0:21:09]} Ba5
{[%clk 0:18:58]} 11. Qe3 {[%clk 0:20:55]} O-O {[%clk 0:16:07]} 12. Bc4
{[%clk 0:20:56]} Qg6 {[%clk 0:15:20]} 13. O-O {[%clk 0:20:27]} Re8
{[%clk 0:14:22]} 14. Rad1 {[%clk 0:18:55]} h6 {[%clk 0:13:04]} 15. Ne2
{[%clk 0:16:16]} Bb6 {[%clk 0:12:11]} 16. Qf3 {[%clk 0:16:05]} Bg4
{[%clk 0:11:10]} 17. Bxf7+ {[%clk 0:13:57]} Qxf7 {[%clk 0:10:38]} 18. Qxg4
{[%clk 0:14:02]} Ng6 {[%clk 0:08:06]} 19. Ng3 {[%clk 0:11:40]} Ne5
{[%clk 0:07:27]} 20. Qh3 {[%clk 0:09:57]} Re6 {[%clk 0:06:02]} 21. Nf5
{[%clk 0:09:48]} Rd8 {[%clk 0:05:00]} 22. Qg3 {[%clk 0:07:17]} Nc4
{[%clk 0:03:12]} 23. Bxh6 {[%clk 0:06:19]} Rxd1 {[%clk 0:02:54]} 24. Rxd1
{[%clk 0:06:28]} Rg6 {[%clk 0:02:40]} 25. Qxg6 {[%clk 0:04:48]} Qxg6
{[%clk 0:02:44]} 26. Ne7+ {[%clk 0:04:57]} Kh7 {[%clk 0:02:52]} 27. Nxg6
{[%clk 0:05:05]} Kxg6 {[%clk 0:03:01]} 28. Bf4 {[%clk 0:05:06]} Nxb2
{[%clk 0:03:00]} 29. Rd7 {[%clk 0:05:03]} Nc4 {[%clk 0:02:40]} 30. a4
{[%clk 0:04:20]} Kf6 {[%clk 0:01:22]} 31. Bxc7 {[%clk 0:04:24]} Bxc7
{[%clk 0:01:18]} 32. Rxc7 {[%clk 0:04:32]} b5 {[%clk 0:01:24]} 33. Rxc6+
{[%clk 0:04:40]} Ke5 {[%clk 0:01:32]} 34. axb5 {[%clk 0:04:47]} axb5
{[%clk 0:01:36]} 35. Rc5+ {[%clk 0:04:56]} Kd4 {[%clk 0:01:45]} 36. Rxb5
{[%clk 0:05:04]} Kxe4 {[%clk 0:01:51]} 37. Rb4 {[%clk 0:05:09]} Kd4
{[%clk 0:01:59]} 38. Kf1 {[%clk 0:05:16]} Kc3 {[%clk 0:02:07]} 39. Rb7
{[%clk 0:05:19]} Kxc2 {[%clk 0:02:09]} 40. Rxg7 {[%clk 0:05:27]} Kd3
{[%clk 0:02:17]} 41. h4 {[%clk 0:05:36]} Ke4 {[%clk 0:02:26]} 42. h5
{[%clk 0:05:45]} Kf5 {[%clk 0:02:35]} 43. h6 {[%clk 0:05:54]} Ne5
{[%clk 0:02:41]} 44. h7 {[%clk 0:05:58]} Ng6 {[%clk 0:02:47]} 45. Rg8
{[%clk 0:05:59]} Kf6 {[%clk 0:02:49]} 46. Rxg6+ {[%clk 0:05:59]} Kxg6
{[%clk 0:02:57]} 47. h8=Q {[%clk 0:06:07]} Kg5 {[%clk 0:03:06]} 48. Ke2
{[%clk 0:06:15]} Kg4 {[%clk 0:03:15]} 49. Qd4+ {[%clk 0:06:19]} Kf5
{[%clk 0:03:24]} 50. Kf3 {[%clk 0:06:27]} Ke6 {[%clk 0:03:33]} 51. Qc5
{[%clk 0:06:36]} Kd7 {[%clk 0:03:42]} 52. Qb6 {[%clk 0:06:45]} Ke7
{[%clk 0:03:51]} 53. Kf4 {[%clk 0:06:53]} Kf7 {[%clk 0:04:00]} 54. Ke5
{[%clk 0:07:02]} Kg7 {[%clk 0:04:09]} 55. Kf5 {[%clk 0:07:11]} Kf7
{[%clk 0:04:18]} 56. Qc7+ {[%clk 0:07:20]} Kg8 {[%clk 0:04:26]} 57. Kf6
{[%clk 0:07:28]} Kh8 {[%clk 0:04:35]} 58. Kg6 {[%clk 0:07:37]} Kg8
{[%clk 0:04:44]} 59. Qg7# {[%clk 0:07:45]} 1-0

[Event "MESRRK"]
[Site "?"]
[Date "2018.05.27"]
[Round "9.19"]
[White "Matusik, Ondrej"]
[Black "Petrus, Daniel"]
[Result "1-0"]
[BlackElo "1094"]
[WhiteElo "1251"]
[LiveChessVersion "1.4.8"]

1. e4 {[%clk 0:20:12]} e5 {[%clk 0:20:17]} 2. Nf3 {[%clk 0:19:57]} Nc6
{[%clk 0:20:24]} 3. Bb5 {[%clk 0:19:51]} a6 {[%clk 0:20:31]} 4. Ba4
{[%clk 0:19:57]} Nf6 {[%clk 0:20:38]} 5. O-O {[%clk 0:20:03]} d6 {[%clk 0:20:34]}
6. h3 {[%clk 0:20:00]} Nxe4 {[%clk 0:20:40]} 7. Re1 {[%clk 0:20:08]} Nf6
{[%clk 0:20:49]} 8. d4 {[%clk 0:20:14]} b5 {[%clk 0:20:52]} 9. dxe5
{[%clk 0:19:48]} dxe5 {[%clk 0:20:23]} 10. Qxd8+ {[%clk 0:19:49]} Kxd8
{[%clk 0:20:09]} 11. Bb3 {[%clk 0:19:57]} Ke8 {[%clk 0:19:31]} 12. Nxe5
{[%clk 0:19:57]} Nxe5 {[%clk 0:19:34]} 13. Rxe5+ {[%clk 0:19:57]} Be7
{[%clk 0:19:38]} 14. Bg5 {[%clk 0:19:55]} Kf8 {[%clk 0:19:22]} 15. Nc3
{[%clk 0:19:37]} h6 {[%clk 0:19:29]} 16. Rae1 {[%clk 0:19:23]} hxg5
{[%clk 0:19:14]} 17. Rxe7 {[%clk 0:19:30]} b4 {[%clk 0:19:09]} 18. Nd1
{[%clk 0:17:22]} c5 {[%clk 0:18:44]} 19. Rxf7+ {[%clk 0:17:22]} Kg8
{[%clk 0:18:49]} 20. Rxf6+ {[%clk 0:17:16]} Kh7 {[%clk 0:18:55]} 21. Rc6
{[%clk 0:16:29]} Bb7 {[%clk 0:18:16]} 22. Rxc5 {[%clk 0:16:29]} Kg6
{[%clk 0:18:12]} 23. c3 {[%clk 0:16:27]} bxc3 {[%clk 0:18:21]} 24. Bc2+
{[%clk 0:16:34]} Kf7 {[%clk 0:18:24]} 25. Rc7+ {[%clk 0:16:34]} Kf6
{[%clk 0:18:25]} 26. Rxb7 {[%clk 0:16:40]} cxb2 27. Rxb2 {[%clk 0:16:36]} Rae8
{[%clk 0:18:37]} 28. Rb6+ {[%clk 0:16:41]} Kf7 {[%clk 0:18:41]} 29. Bg6+
{[%clk 0:16:45]} Kf8 {[%clk 0:18:45]} 30. Rxe8# {[%clk 0:16:51]} 1-0

[Event "MESRRK"]
[Site "?"]
[Date "2018.05.27"]
[Round "9.21"]
[White "Buchtova, Viktorie"]
[Black "Finek, Vaclav"]
[Result "0-1"]
[BlackElo "1763"]
[WhiteElo "1015"]
[LiveChessVersion "1.4.8"]

1. e4 {[%clk 0:20:18]} c5 {[%clk 0:20:19]} 2. Nf3 {[%clk 0:20:26]} d6
{[%clk 0:20:28]} 3. d4 {[%clk 0:20:35]} cxd4 {[%clk 0:20:37]} 4. Nxd4
{[%clk 0:20:43]} Nf6 {[%clk 0:20:45]} 5. Nc3 {[%clk 0:20:51]} a6 {[%clk 0:20:54]}
6. Bc4 {[%clk 0:20:46]} b5 {[%clk 0:21:00]} 7. Bb3 {[%clk 0:20:53]} Bb7
{[%clk 0:21:06]} 8. Bd5 {[%clk 0:20:49]} Nxd5 {[%clk 0:20:52]} 9. Nxd5
{[%clk 0:20:49]} e6 {[%clk 0:20:52]} 10. Nf4 {[%clk 0:20:52]} e5 {[%clk 0:20:31]}
11. Nde6 {[%clk 0:19:46]} Qb6 {[%clk 0:17:12]} 12. Nd5 {[%clk 0:19:03]} Bxd5
{[%clk 0:16:46]} 13. Qxd5 {[%clk 0:19:01]} Nc6 {[%clk 0:12:24]} 14. Ng5
{[%clk 0:18:47]} Ra7 {[%clk 0:10:18]} 15. Be3 {[%clk 0:18:35]} Nd4
{[%clk 0:10:27]} 16. c3 {[%clk 0:18:34]} Nc2+ 17. Kd2 {[%clk 0:18:10]} Nxe3
{[%clk 0:10:39]} 18. fxe3 {[%clk 0:18:16]} h6 {[%clk 0:10:21]} 19. Nf3
{[%clk 0:18:14]} Be7 {[%clk 0:10:07]} 20. Rhf1 {[%clk 0:17:53]} O-O
{[%clk 0:09:48]} 21. g4 {[%clk 0:17:40]} b4 {[%clk 0:09:28]} 22. Rab1
{[%clk 0:17:34]} Rc7 {[%clk 0:08:45]} 23. h4 {[%clk 0:17:29]} Rc5
{[%clk 0:08:40]} 24. Qd3 {[%clk 0:17:27]} Qa5 {[%clk 0:08:34]} 25. g5
{[%clk 0:17:00]} bxc3+ {[%clk 0:08:37]} 26. bxc3 {[%clk 0:17:06]} Qxa2+
{[%clk 0:08:36]} 27. Ke1 Rxc3 {[%clk 0:08:15]} 28. Qxc3 {[%clk 0:16:40]} Qxb1+
{[%clk 0:08:22]} 29. Kf2 {[%clk 0:16:47]} Qxe4 {[%clk 0:08:21]} 30. gxh6
{[%clk 0:16:43]} g6 {[%clk 0:07:38]} 31. h5 {[%clk 0:16:36]} Qg4 {[%clk 0:06:05]}
32. hxg6 {[%clk 0:16:13]} Bh4+ {[%clk 0:04:58]} 33. Nxh4 {[%clk 0:16:16]} fxg6+
{[%clk 0:04:40]} 34. Ke1 Qxh4+ {[%clk 0:06:03]} 35. Ke2 {[%clk 0:16:12]} Qg4+
{[%clk 0:06:03]} 36. Ke1 {[%clk 0:16:14]} Qg3+ {[%clk 0:06:04]} 37. Ke2
{[%clk 0:16:19]} Qg2+ {[%clk 0:06:06]} 38. Kd3 {[%clk 0:16:17]} Qxf1+
{[%clk 0:06:12]} 39. Ke4 {[%clk 0:16:24]} Qf3+ {[%clk 0:06:11]} 40. Kd3
{[%clk 0:16:29]} Qd5+ {[%clk 0:06:18]} 41. Ke2 {[%clk 0:16:36]} Qb5+
{[%clk 0:06:05]} 42. Kd2 {[%clk 0:16:28]} Rf2+ {[%clk 0:06:06]} 43. Kd1
{[%clk 0:16:27]} Qf1+ {[%clk 0:05:50]} 44. Qe1 {[%clk 0:16:34]} Qd3+
{[%clk 0:05:58]} 45. Kc1 {[%clk 0:16:34]} Qc2# 0-1

[Event "MESRRK"]
[Site "?"]
[Date "2018.05.27"]
[Round "9.22"]
[White "Pylypenko, Radomyr"]
[Black "Haasova, Timea"]
[Result "1-0"]
[BlackElo "1415"]
[WhiteElo "1422"]
[LiveChessVersion "1.4.8"]

1. e4 {[%clk 0:20:19]} e5 {[%clk 0:20:18]} 2. Nf3 {[%clk 0:20:27]} Nc6
{[%clk 0:20:26]} 3. d4 {[%clk 0:20:36]} exd4 {[%clk 0:20:25]} 4. Nxd4
{[%clk 0:20:44]} Bc5 {[%clk 0:20:05]} 5. Be3 {[%clk 0:20:50]} Nxd4
{[%clk 0:19:40]} 6. Bxd4 {[%clk 0:20:57]} Bxd4 {[%clk 0:19:46]} 7. Qxd4
{[%clk 0:21:01]} Qf6 {[%clk 0:19:03]} 8. c3 {[%clk 0:20:47]} c6 {[%clk 0:18:34]}
9. Nd2 {[%clk 0:20:42]} Qxd4 {[%clk 0:17:58]} 10. cxd4 {[%clk 0:20:50]} d6
{[%clk 0:18:00]} 11. Be2 {[%clk 0:20:39]} Nf6 {[%clk 0:17:48]} 12. f4
{[%clk 0:20:28]} O-O {[%clk 0:17:21]} 13. O-O {[%clk 0:20:32]} b6
{[%clk 0:16:53]} 14. Bf3 {[%clk 0:20:26]} Bb7 {[%clk 0:16:22]} 15. Rac1
{[%clk 0:20:30]} c5 {[%clk 0:15:28]} 16. d5 {[%clk 0:20:28]} Rae8
{[%clk 0:15:19]} 17. Rfe1 {[%clk 0:20:28]} Re7 {[%clk 0:15:03]} 18. Nc4
{[%clk 0:20:18]} Ba6 {[%clk 0:13:29]} 19. Nxd6 {[%clk 0:20:09]} Bd3
{[%clk 0:13:29]} 20. Rcd1 {[%clk 0:20:05]} Bc2 {[%clk 0:12:54]} 21. Rd2
{[%clk 0:20:12]} Ba4 {[%clk 0:12:40]} 22. e5 {[%clk 0:20:12]} Ne8
{[%clk 0:12:14]} 23. Nxe8 {[%clk 0:20:04]} Rfxe8 {[%clk 0:12:17]} 24. Bg4
{[%clk 0:19:55]} Rd8 {[%clk 0:12:06]} 25. b3 {[%clk 0:19:35]} Bc6
{[%clk 0:12:02]} 26. d6 {[%clk 0:19:39]} Rb7 {[%clk 0:11:48]} 27. f5
{[%clk 0:19:30]} Re7 {[%clk 0:10:43]} 28. dxe7 {[%clk 0:19:29]} Rxd2
{[%clk 0:10:49]} 29. Rd1 {[%clk 0:19:38]} Rxd1+ {[%clk 0:10:44]} 30. Bxd1
{[%clk 0:19:45]} f6 {[%clk 0:10:35]} 31. Bf3 {[%clk 0:19:40]} Be8
{[%clk 0:10:10]} 32. e6 {[%clk 0:19:48]} g6 {[%clk 0:09:39]} 33. fxg6
{[%clk 0:19:45]} Bxg6 {[%clk 0:09:38]} 34. Bc6 {[%clk 0:19:53]} Kg7
{[%clk 0:09:19]} 35. e8=Q {[%clk 0:19:57]} Bxe8 {[%clk 0:09:25]} 36. Bxe8
{[%clk 0:20:05]} Kf8 {[%clk 0:09:12]} 37. Bf7 {[%clk 0:20:10]} Ke7
{[%clk 0:09:08]} 38. Kf2 {[%clk 0:20:18]} b5 {[%clk 0:09:00]} 39. Ke3
{[%clk 0:20:23]} a5 {[%clk 0:08:55]} 40. Ke4 {[%clk 0:20:30]} Kd6
{[%clk 0:08:43]} 41. Kf5 {[%clk 0:20:34]} b4 {[%clk 0:08:05]} 42. Kxf6
{[%clk 0:20:37]} Kd5 {[%clk 0:07:40]} 43. e7+ {[%clk 0:20:44]} Kd4
{[%clk 0:07:48]} 44. e8=Q {[%clk 0:20:50]} Kc3 {[%clk 0:07:51]} 45. Qe1+
{[%clk 0:20:51]} Kd4 {[%clk 0:07:45]} 46. Bc4 {[%clk 0:20:38]} h5
{[%clk 0:07:44]} 47. Qe5# 1-0

[Event "MESRRK"]
[Site "?"]
[Date "2018.05.27"]
[Round "9.23"]
[White "Gobl, Fabian"]
[Black "Meszaros, Casey Ryan"]
[Result "0-1"]
[BlackElo "1191"]
[WhiteElo "1097"]
[LiveChessVersion "1.4.8"]

1. e4 {[%clk 0:20:18]} e5 {[%clk 0:20:18]} 2. Nf3 {[%clk 0:20:25]} Nc6
{[%clk 0:20:26]} 3. Bc4 {[%clk 0:20:33]} Bc5 {[%clk 0:20:33]} 4. O-O
{[%clk 0:20:39]} Nf6 {[%clk 0:20:38]} 5. d3 {[%clk 0:20:41]} h6 {[%clk 0:20:39]}
6. c3 {[%clk 0:20:22]} O-O {[%clk 0:20:28]} 7. Bb3 {[%clk 0:20:27]} d6
{[%clk 0:20:33]} 8. Nbd2 {[%clk 0:20:18]} Be6 {[%clk 0:20:24]} 9. Bc2
{[%clk 0:20:23]} Re8 {[%clk 0:20:18]} 10. h3 {[%clk 0:20:31]} Qe7
{[%clk 0:20:10]} 11. Re1 {[%clk 0:20:32]} Rad8 {[%clk 0:20:07]} 12. c4
{[%clk 0:20:22]} Nd4 {[%clk 0:19:21]} 13. Nxd4 {[%clk 0:20:14]} Bxd4
{[%clk 0:19:24]} 14. Nb3 {[%clk 0:19:50]} Bb6 {[%clk 0:19:22]} 15. Qf3
{[%clk 0:19:30]} Nh7 {[%clk 0:18:54]} 16. Qg3 {[%clk 0:19:23]} Qf6
{[%clk 0:18:35]} 17. Re3 {[%clk 0:19:00]} Bxe3 {[%clk 0:18:43]} 18. fxe3
{[%clk 0:19:07]} Qg6 {[%clk 0:18:28]} 19. Qxg6 {[%clk 0:19:10]} fxg6
{[%clk 0:18:35]} 20. Bd2 {[%clk 0:19:12]} Rf8 {[%clk 0:18:36]} 21. d4
{[%clk 0:19:16]} exd4 {[%clk 0:18:34]} 22. Nxd4 {[%clk 0:19:21]} Bxc4
{[%clk 0:18:32]} 23. Bb3 {[%clk 0:19:15]} Bxb3 {[%clk 0:18:25]} 24. axb3
{[%clk 0:19:23]} Ra8 {[%clk 0:18:20]} 25. Ne6 {[%clk 0:19:23]} Rfc8
{[%clk 0:18:05]} 26. Bc3 {[%clk 0:19:19]} Nf6 27. Bd4 {[%clk 0:19:15]} Nxe4
{[%clk 0:17:34]} 28. Bxg7 {[%clk 0:19:21]} Kf7 {[%clk 0:17:35]} 29. Ra4
{[%clk 0:19:13]} d5 {[%clk 0:17:18]} 30. Bxh6 {[%clk 0:18:33]} Kxe6
{[%clk 0:17:14]} 31. Kf1 {[%clk 0:18:30]} Nd2+ {[%clk 0:17:11]} 32. Ke2
{[%clk 0:18:36]} Nxb3 {[%clk 0:17:15]} 33. Rb4 {[%clk 0:18:06]} Nc5
{[%clk 0:17:01]} 34. Rb5 {[%clk 0:18:04]} b6 {[%clk 0:17:01]} 35. Bf4
{[%clk 0:17:50]} Kd7 {[%clk 0:16:52]} 36. h4 {[%clk 0:17:54]} Kc6
{[%clk 0:16:47]} 37. Rb4 {[%clk 0:17:57]} a5 {[%clk 0:16:36]} 38. Rd4
{[%clk 0:18:00]} Ne6 {[%clk 0:16:30]} 39. Rd1 {[%clk 0:18:02]} Re8
{[%clk 0:16:24]} 40. g4 {[%clk 0:18:06]} Nxf4+ {[%clk 0:16:32]} 41. Kf3
{[%clk 0:18:12]} Ne6 {[%clk 0:16:30]} 42. Rh1 {[%clk 0:18:11]} Rh8
{[%clk 0:16:23]} 43. h5 {[%clk 0:18:17]} gxh5 {[%clk 0:16:27]} 44. gxh5
{[%clk 0:18:25]} Raf8+ {[%clk 0:16:31]} 45. Ke2 {[%clk 0:18:32]} Rf5
{[%clk 0:16:35]} 46. h6 {[%clk 0:18:35]} Rf6 {[%clk 0:16:42]} 47. e4
{[%clk 0:18:34]} Rhxh6 {[%clk 0:16:46]} 48. Rd1 {[%clk 0:18:40]} dxe4
{[%clk 0:16:49]} 49. Ke3 {[%clk 0:18:44]} Rh5 {[%clk 0:16:44]} 50. Rb1
{[%clk 0:18:38]} Nc5 {[%clk 0:16:39]} 51. b4 {[%clk 0:18:43]} Rf3+
{[%clk 0:16:37]} 52. Kd2 {[%clk 0:18:24]} Rh2+ {[%clk 0:16:46]} 53. Kc1
{[%clk 0:18:32]} Rf1# 0-1

[Event "MESRRK"]
[Site "?"]
[Date "2018.05.27"]
[Round "9.24"]
[White "Dolnik, Michal"]
[Black "Svadlenka, Michal"]
[Result "0-1"]
[BlackElo "1337"]
[WhiteElo "1036"]
[LiveChessVersion "1.4.8"]

1. e4 {[%clk 0:20:18]} c5 {[%clk 0:20:19]} 2. Nf3 {[%clk 0:20:25]} d6
{[%clk 0:20:28]} 3. d4 {[%clk 0:20:29]} cxd4 {[%clk 0:20:35]} 4. Nxd4
{[%clk 0:20:35]} Nf6 {[%clk 0:20:42]} 5. Nc3 {[%clk 0:20:43]} g6 {[%clk 0:20:51]}
6. Be3 {[%clk 0:20:47]} Bg7 {[%clk 0:21:00]} 7. Be2 {[%clk 0:20:49]} O-O
{[%clk 0:21:08]} 8. Qd2 {[%clk 0:20:52]} Nc6 {[%clk 0:21:15]} 9. O-O-O
{[%clk 0:20:52]} Nxd4 {[%clk 0:21:19]} 10. Bxd4 {[%clk 0:20:56]} Be6
{[%clk 0:21:28]} 11. Kb1 {[%clk 0:20:44]} Qa5 {[%clk 0:21:35]} 12. h4
{[%clk 0:20:31]} Nxe4 {[%clk 0:21:43]} 13. Qe3 {[%clk 0:19:58]} Nxc3+
{[%clk 0:21:31]} 14. Bxc3 {[%clk 0:19:58]} Qxa2+ {[%clk 0:21:35]} 15. Kc1
{[%clk 0:20:02]} Bxc3 {[%clk 0:21:26]} 16. Qxc3 {[%clk 0:20:05]} Rac8
{[%clk 0:21:24]} 17. Qd4 {[%clk 0:19:47]} Bb3 {[%clk 0:21:22]} 18. Bd3
{[%clk 0:19:34]} Qa1+ {[%clk 0:20:55]} 19. Kd2 {[%clk 0:19:34]} Qa5+
{[%clk 0:21:03]} 20. Kc1 {[%clk 0:19:28]} Qc7 {[%clk 0:21:00]} 21. Rd2
{[%clk 0:19:12]} Qa5 {[%clk 0:20:29]} 22. h5 {[%clk 0:19:08]} Qa1#
{[%clk 0:20:35]} 0-1